000 00497nam a2200181Ia 4500
001 23251
005 20260414150925.0
008 260414t2014||||xx |||||||||||||| ||spa||
041 _aESP
082 _a627.52
_bC78
100 _aCoronado del Águila, Francisco
_eAUT
245 0 _aLas irrigaciones :
_bplaneamiento y guía para el diseño hidráulico de las obras mayores
260 _c2014
300 _a337 páginas :
_c26 cm.
650 _a0
654 _aCIC
942 _cLIB
_dJUS
_fJUS
_2ddc
_n
999 _c23251
_d23251